|
|
|
|
| LEADER |
01212nam a2200361 a 4500 |
| 001 |
nkc20071758192 |
| 003 |
CZ PrNK |
| 005 |
20191120235012.0 |
| 007 |
ta |
| 008 |
071010s2007 xr g 000 f cze |
| 015 |
|
|
|a cnb001758192
|
| 020 |
|
|
|a 978-80-7272-108-5
|q (brož.)
|z 978-80-7272-108-9
|
| 035 |
|
|
|a (OCoLC)190753694
|
| 040 |
|
|
|a OLA001
|b cze
|d BOA001
|d ABA001
|
| 072 |
|
7 |
|a 821.162.3-3
|x Česká próza
|2 Konspekt
|9 25
|
| 080 |
|
|
|a 821.162.3-3
|2 MRF
|
| 080 |
|
|
|a (0:82-3)
|2 MRF
|
| 100 |
1 |
|
|a Sádlo, Jiří,
|d 1958-
|7 xx0008592
|4 aut
|
| 245 |
1 |
0 |
|a Prázdná zem :
|b listopadová část roku /
|c Jiří Sádlo
|
| 246 |
1 |
4 |
|a Prázdná země
|
| 260 |
|
|
|a V Praze :
|b Dauphin,
|c 2007
|
| 300 |
|
|
|a 87 s. ;
|c 20 cm
|
| 490 |
1 |
|
|a Česká slova
|
| 500 |
|
|
|a 1000 výt.
|
| 655 |
|
7 |
|a české prózy
|7 fd133972
|2 czenas
|
| 655 |
|
9 |
|a Czech prose
|2 eczenas
|
| 830 |
|
0 |
|a Česká slova
|0 s
|
| 856 |
4 |
1 |
|u http://www.digitalniknihovna.cz/mzk/uuid/uuid:0ab78990-14d9-11e9-a9e5-005056827e52
|y Digitalizovaný dokument
|x NDK
|
| 910 |
2 |
|
|a BOA001
|b 1-1190.451
|
| 990 |
|
|
|a BK
|
| 995 |
|
|
|a 01
|
| 991 |
|
|
|b 200710
|
| 996 |
6 |
|
|b 2610322755
|c 1-1190.451
|l MZK
|r Sklad / do 1 hodiny
|n 13
|p p.v.
|w 000869789
|u 000010
|a 1
|e BOA001
|j MZK50
|s P
|